000 00309nam a2200121Ia 4500
008 231106s2002 xx 000 0 und d
041 _aeng
082 _a741.685
100 _aCHERYL DANGEL CULLEN
245 _aTHE BEST OF BUSINESS CARD DESIGN NO.5
260 _bROCKPORT PUBLISHERS
_c2002
300 _aH-192
999 _c920529
_d920529